000 00473nam a2200181Ia 4500
001 57166
008 131111n2003 ii |||gr||||Z||||||465
020 _a81-7151-333-6
082 _a297.5
245 0 _aStudies In Tasawwuf
_cKhaja Khan
_hTextual Documents
250 _aIst ed.
260 _aAssam
_bKitab Bhawan
_c2003
300 _a221pg:
_c23cm.
653 _aIslamic studies
653 _aDeptt - Islamic Studies
700 _aKhan, Khaja,
_eAuthor.
942 _2ddc
_cBK
999 _c57080
_d57080